| 000 | 00530nam a22001937a 4500 | ||
|---|---|---|---|
| 003 | OSt | ||
| 005 | 20140310181925.0 | ||
| 008 | 130719t xxu||||| |||| 00| 0 eng d | ||
| 050 |
_aLC 1035 _b.B854 2010 |
||
| 082 |
_aTR 371.26 _bB854 2010 |
||
| 100 |
_aBrigance, Albert H. _92317 |
||
| 245 |
_aBrigance transition skills inventory / _cAlbet H. Brigance. |
||
| 300 |
_a536 p. ; _bill. col. ; _c29 cm. |
||
| 521 | _aFaculty | ||
| 541 | _j1 | ||
| 562 | _e1 | ||
| 700 |
_aBrigance, Albert H. _92318 |
||
| 942 |
_2lcc _cBK-TR _kTR |
||
| 999 |
_c7146 _d7146 |
||